La CNDH una institución a medio camino (Record no. 155701)

MARC details
000 -LEADER
fixed length control field 00660nam a22001937a 4500
005 - DATE AND TIME OF LATEST TRANSACTION
control field 20210507091845.0
008 - FIXED-LENGTH DATA ELEMENTS--GENERAL INFORMATION
fixed length control field 210507b mx ||||| |||| 00| 0 spa d
020 ## - INTERNATIONAL STANDARD BOOK NUMBER
International Standard Book Number 9709225707
050 04 - LIBRARY OF CONGRESS CALL NUMBER
Classification number KGF3003
Item number A28 1999
100 1# - MAIN ENTRY--PERSONAL NAME
Personal name Acuña Llamas, Francisco Javier
245 13 - TITLE STATEMENT
Title La CNDH una institución a medio camino
Remainder of title : propuestas para su urgente transformación
Statement of responsibility, etc / Francisco Javier Acuña Llamas.
250 ## - EDITION STATEMENT
Edition statement 1a ed.
260 ## - PUBLICATION, DISTRIBUTION, ETC. (IMPRINT)
Place of publication, distribution, etc México :
Name of publisher, distributor, etc Grupo Mandala Editores,
Date of publication, distribution, etc 1999
300 ## - PHYSICAL DESCRIPTION
Extent 299 p. ;
Dimensions 23 cm.
490 0# - SERIES STATEMENT
Series statement Ensayos Jurídicos-Políticos
504 ## - BIBLIOGRAPHY, ETC. NOTE
Bibliography, etc Bibliografía : p. 289-299
650 #7 - SUBJECT ADDED ENTRY--TOPICAL TERM
Source of heading or term lemb
Topical term or geographic name as entry element Derechos humanos
Geographic subdivision México
942 ## - ADDED ENTRY ELEMENTS (KOHA)
Source of classification or shelving scheme Biblioteca del Cogreso de los Estados Unidos
Koha item type Libro
Holdings
Estado de pérdida Fuente de clasificación Estado del daño No para préstamo Ubicación permanente Ubicación actual Apartado o colección Fecha de adquisición Edición Dependencia de educación superior (DES) Área del conocimiento Total Checkouts Clasificación Código de Barras Date last seen Número de copia Costo por reposición Tipo de recurso
  Biblioteca del Cogreso de los Estados Unidos     Biblioteca del Posgrado en Derecho Biblioteca del Posgrado en Derecho Colección Ernesto Villanueva 07/05/2021 1a ed. Derecho Ciencias Sociales y Administrativas   KGF3003 A28 1999 BPD000001629 07/05/2021 1 1.00 Libro